E-obchod: model spolupráce

Napriek tomu, že elektronické obchodovanie (e-commerce) je pre podniky lacnejšie než klasické dosahuje v praxi minimálne úspechy. Problémy webových vyhľadávačov. Coproduction (spolupráca) ako nový vylepšený prístup k e-obchodu.

Salvato in:
Dettagli Bibliografici
Natura: Capitolo di libro
Lingua:ceco
Soggetti:
Tags: Aggiungi Tag
Nessun Tag, puoi essere il primo ad aggiungerne!!

MARC

LEADER 00000naa a2200000 4500
001 r039979
005 20231002100924.2
041 0 |a cze 
044 |a CZ 
245 1 0 |a E-obchod: model spolupráce 
520 |a Napriek tomu, že elektronické obchodovanie (e-commerce) je pre podniky lacnejšie než klasické dosahuje v praxi minimálne úspechy. Problémy webových vyhľadávačov. Coproduction (spolupráca) ako nový vylepšený prístup k e-obchodu. 
610 2 0 |a obchod elektronický 
610 2 0 |a podnik 
610 2 0 |a znižovanie nákladov 
610 2 0 |a služby obchodné 
610 2 0 |a zákazníci 
610 2 0 |a internet